[Event "División de Honor Aragonesa 2019"]
[Site "?"]
[Date "2019.01.26"]
[Round "1.1"]
[White "Forcen Esteban, Daniel"]
[Black "Garcia Vicente, Nieves"]
[Result "1-0"]
[WhiteElo "2567"]
[BlackElo "2189"]
[PlyCount "55"]
[EventDate "2019.??.??"]
[EventType "team-tourn"]
[EventCountry "ESP"]
[WhiteTeam "Jaime Casas"]
[BlackTeam "Enroque"]

1. c4 Nf6 2. Nf3 e6 3. b3 d5 4. Bb2 Nbd7 5. Nc3 c6 6. Qc2 Be7 7. e3 O-O 8. Be2
b6 9. Rg1 Bb7 10. g4 c5 11. g5 Ne4 12. cxd5 exd5 13. Nxe4 dxe4 14. Qc3 f6 15.
Nh4 Bd5 16. Nf5 g6 17. h4 Kf7 18. Nxe7 Qxe7 19. O-O-O Qe5 20. Qc2 Qe6 21. d3
Ke7 22. gxf6+ Nxf6 23. Rg5 Nd7 24. Bg4 Rf5 25. Bxf5 gxf5 26. dxe4 Bxe4 27. Rg7+
Kf8 28. Qc3 1-0

[Event "División de Honor Aragonesa 2019"]
[Site "?"]
[Date "2019.01.26"]
[Round "1.3"]
[White "Ramiro Ovejero, Juan Luis"]
[Black "Campo Pelegrin, Ramon"]
[Result "1-0"]
[WhiteElo "2358"]
[BlackElo "1795"]
[PlyCount "79"]
[EventDate "2019.??.??"]
[EventType "team-tourn"]
[EventCountry "ESP"]
[WhiteTeam "Jaime Casas"]
[BlackTeam "Enroque"]

1. e4 e5 2. Nf3 Nc6 3. Bb5 a6 4. Ba4 b5 5. Bb3 Be7 6. O-O d6 7. c3 Na5 8. Bc2
c5 9. h3 Nf6 10. d4 Nc6 11. Re1 O-O 12. Nbd2 Qc7 13. d5 Na5 14. b3 Ne8 15. Nf1
f5 16. exf5 Bxf5 17. Bxf5 Rxf5 18. a4 Rb8 19. axb5 axb5 20. Ng3 Rf8 21. Ne4 h6
22. Be3 Nf6 23. Nxf6+ Bxf6 24. Nd2 Ra8 25. Ne4 Be7 26. Ra3 c4 27. b4 Nb3 28.
Rxa8 Rxa8 29. Qg4 Qc8 30. Qg6 Qe8 31. Qg3 Qh5 32. Rf1 Rf8 33. f3 Kh7 34. Qg4
Qf7 35. Rd1 Ra8 36. Bb6 h5 37. Qe6 Qxe6 38. dxe6 Rc8 39. Rxd6 Bxd6 40. Nxd6 1-0

[Event "División de Honor Aragonesa 2019"]
[Site "?"]
[Date "2019.01.26"]
[Round "1.4"]
[White "Delgado Pascual, Hugo"]
[Black "Gines Esteo, Pedro Antonio"]
[Result "0-1"]
[WhiteElo "1401"]
[BlackElo "2318"]
[PlyCount "106"]
[EventDate "2019.??.??"]
[EventType "team-tourn"]
[EventCountry "ESP"]
[WhiteTeam "Enroque"]
[BlackTeam "Jaime Casas"]

1. e4 c6 2. d4 d5 3. exd5 cxd5 4. c4 Nf6 5. Nc3 Nc6 6. Be3 g6 7. h3 Bg7 8. Nf3
O-O 9. Be2 dxc4 10. Bxc4 Bf5 11. O-O Rc8 12. Bd3 Bxd3 13. Qxd3 a6 14. a3 Nd5
15. Rac1 Na5 16. Ne2 Qb6 17. b4 Nc6 18. Rc5 Rcd8 19. Qb3 e6 20. Rd1 Rd7 21. Rc2
h6 22. Rcd2 Rfd8 23. g3 Qb5 24. Qd3 Qa4 25. h4 Na7 26. Ne1 Nb5 27. Nc2 Rc8 28.
Ra1 Rdc7 29. Ra2 h5 30. Kh2 Kh7 31. Kh3 Nbc3 32. Nxc3 Rxc3 33. Qe2 Qb3 34. Na1
Qb1 35. Kg2 Qe4+ 36. Qf3 Nxe3+ 37. fxe3 Rxe3 38. Qxe4 Rxe4 39. Nb3 Rc3 40. Nc5
Ree3 41. Rf2 Rxg3+ 42. Kf1 Bxd4 43. Ne4 Rc1+ 44. Ke2 Bxf2 45. Kxf2 Rgg1 46. Rd2
Rcf1+ 47. Ke3 Re1+ 48. Kd3 Rd1 49. Nc5 Rxd2+ 50. Kxd2 g5 51. hxg5 h4 52. Ne4 h3
53. Nf2 h2 0-1

[Event "División de Honor Aragonesa 2019"]
[Site "?"]
[Date "2019.01.26"]
[Round "1.5"]
[White "Adla, Diego"]
[Black "Baron Rodriguez, Jesus"]
[Result "1/2-1/2"]
[WhiteElo "2441"]
[BlackElo "2416"]
[PlyCount "51"]
[EventDate "2019.??.??"]
[EventType "team-tourn"]
[EventCountry "ESP"]
[WhiteTeam "St. Casablanca"]
[BlackTeam "Ibercaja"]

1. c4 e6 2. Nf3 d5 3. e3 Nf6 4. b3 Be7 5. Bb2 b6 6. cxd5 exd5 7. Bb5+ c6 8. Be2
O-O 9. O-O Bb7 10. Qc2 Na6 11. Nc3 Nc7 12. Rac1 Ne6 13. d4 Bd6 14. Bd3 Rc8 15.
e4 c5 16. Nxd5 Nxd5 17. exd5 Nxd4 18. Qd1 Bf4 19. Rb1 Qxd5 20. Bxd4 cxd4 21.
Re1 Qd7 22. Be4 Rfd8 23. Qxd4 Qxd4 24. Nxd4 Rxd4 25. Bxb7 Rcd8 26. g3 1/2-1/2

[Event "División de Honor Aragonesa 2019"]
[Site "?"]
[Date "2019.01.26"]
[Round "1.6"]
[White "Lopez Gracia, Fernando"]
[Black "Glavina, Pablo"]
[Result "1-0"]
[WhiteElo "2293"]
[BlackElo "2397"]
[PlyCount "71"]
[EventDate "2019.??.??"]
[EventType "team-tourn"]
[EventCountry "ESP"]
[WhiteTeam "Ibercaja"]
[BlackTeam "St. Casablanca"]

1. e4 e5 2. Nf3 Nc6 3. Nc3 Nf6 4. d4 exd4 5. Nxd4 Bb4 6. Nxc6 bxc6 7. Bd3 d5 8.
exd5 O-O 9. O-O Bg4 10. Ne2 cxd5 11. c4 Re8 12. Qc2 d4 13. h3 Bxe2 14. Bxe2 Bd6
15. c5 Bf8 16. Bf4 Nd5 17. Bg3 Rb8 18. Rfd1 Qe7 19. Bf3 Nb4 20. Qa4 Qxc5 21.
Rac1 Qb5 22. Qxb5 Rxb5 23. Rxc7 Rd8 24. a3 Nd5 25. Rxd4 Nxc7 26. Rxd8 Ne6 27.
Ra8 a5 28. a4 Rxb2 29. Rxa5 h5 30. Bxh5 Nc5 31. Ra8 Ne4 32. Be5 Rb1+ 33. Kh2 f6
34. Bg6 fxe5 35. Bxe4 Rd1 36. Bc2 1-0

[Event "División de Honor Aragonesa 2019"]
[Site "?"]
[Date "2019.01.26"]
[Round "1.7"]
[White "Quintin Navarro, Alberto"]
[Black "Moreno Gracia, Daniel"]
[Result "1/2-1/2"]
[WhiteElo "2391"]
[BlackElo "2289"]
[PlyCount "76"]
[EventDate "2019.??.??"]
[EventType "team-tourn"]
[EventCountry "ESP"]
[WhiteTeam "St. Casablanca"]
[BlackTeam "Ibercaja"]

1. e4 e5 2. Nf3 Nf6 3. Nxe5 d6 4. Nf3 Nxe4 5. Nc3 Nxc3 6. dxc3 Be7 7. Be3 O-O
8. Qd2 Nd7 9. O-O-O Ne5 10. Kb1 a6 11. h4 b5 12. h5 Bb7 13. Rh3 Bf6 14. Rg3 Kh8
15. Ng5 Qe7 16. f4 Nc4 17. Bxc4 bxc4 18. Bd4 Bxd4 19. Qxd4 Qf6 20. Qxc4 h6 21.
Nf3 c5 22. Qd3 Rad8 23. f5 Rfe8 24. Nd2 Re5 25. Re3 Qxf5 26. Qxf5 Rxf5 27. g4
Re5 28. Rxe5 dxe5 29. Kc1 f6 30. Re1 Kg8 31. Nc4 Kf7 32. Ne3 g6 33. Rf1 Be4 34.
hxg6+ Kxg6 35. a3 Rd6 36. b4 h5 37. gxh5+ Kxh5 38. c4 Kg5 1/2-1/2

[Event "División de Honor Aragonesa 2019"]
[Site "?"]
[Date "2019.01.26"]
[Round "1.8"]
[White "Torcal Miguel, Oscar"]
[Black "Arjol Lopez, Daniel"]
[Result "1/2-1/2"]
[WhiteElo "2084"]
[BlackElo "2167"]
[PlyCount "145"]
[EventDate "2019.??.??"]
[EventType "team-tourn"]
[EventCountry "ESP"]
[WhiteTeam "Ibercaja"]
[BlackTeam "St. Casablanca"]

1. e4 e5 2. Nf3 Nc6 3. Bc4 Nf6 4. O-O Bc5 5. Re1 O-O 6. a4 a5 7. c3 d6 8. d3
Be6 9. Nbd2 h6 10. Qe2 Ba7 11. h3 Nh5 12. Nf1 Bxc4 13. dxc4 Qe7 14. N3h2 Nf4
15. Qf3 f5 16. Bxf4 fxe4 17. Rxe4 Rxf4 18. Qxf4 exf4 19. Rxe7 Nxe7 20. Re1 Nc6
21. Nf3 Bc5 22. h4 Ra6 23. Re8+ Kh7 24. N1d2 Rb6 25. b3 Ba3 26. h5 g5 27. Rc8
Bb2 28. Rxc7+ Kg8 29. Ne4 Rxb3 30. Nxd6 Rxc3 31. Nf5 Rxc4 32. Nxh6+ Kf8 33.
Nxg5 Rxa4 34. Ne6+ Ke8 35. Nf5 Be5 36. Nfg7+ Bxg7 37. Nxg7+ Kf8 38. h6 Kg8 39.
Nh5 Ne5 40. Nf6+ Kf8 41. Nd7+ Nxd7 42. Rc8+ Ke7 43. h7 Nf6 44. h8=Q Ra1+ 45.
Kh2 Ng4+ 46. Kh3 Nxf2+ 47. Kh4 Rh1+ 48. Kg5 Rxh8 49. Rxh8 Kd6 50. Ra8 b6 51.
Kxf4 Kc5 52. Kf3 Nd3 53. Ke3 Ne5 54. Ke4 Ng4 55. Kd3 Kb4 56. Rf8 Kb3 57. Rb8
Ne5+ 58. Ke4 Nc4 59. g4 a4 60. g5 a3 61. g6 a2 62. Ra8 Nd6+ 63. Kd5 Ne8 64. Kc6
b5 65. Rxa2 Kxa2 66. Kxb5 Kb3 67. Kc6 Kc4 68. Kd7 Ng7 69. Ke7 Kd5 70. Kf6 Nh5+
71. Kf7 Ke5 72. g7 Nxg7 73. Kxg7 1/2-1/2

[Event "División de Honor Aragonesa 2019"]
[Site "?"]
[Date "2019.01.26"]
[Round "1.9"]
[White "Del Rey, Diego"]
[Black "Garcia Fernandez, Javier"]
[Result "1-0"]
[WhiteElo "2356"]
[BlackElo "2179"]
[PlyCount "59"]
[EventDate "2019.??.??"]
[EventType "team-tourn"]
[EventCountry "ESP"]
[WhiteTeam "El Olivar"]
[BlackTeam "Teruel"]

1. d4 d5 2. Nf3 e6 3. g3 Nf6 4. Bg2 Be7 5. O-O O-O 6. c4 dxc4 7. Qc2 b5 8. a4
c6 9. axb5 cxb5 10. Ng5 h6 11. Bxa8 hxg5 12. Bxg5 Qxd4 13. Be3 Qg4 14. Rxa7 Bb4
15. Bf3 Qh3 16. Nc3 Bd7 17. Rd1 Bxc3 18. bxc3 e5 19. Bg2 Qh5 20. f3 e4 21. Qd2
Nc6 22. Rxd7 Nxd7 23. Qxd7 Rd8 24. Qxd8+ Nxd8 25. Rxd8+ Kh7 26. Rd4 f5 27. Rd5
Qe8 28. fxe4 Qa8 29. Bd4 Qa1+ 30. Kf2 1-0

[Event "División de Honor Aragonesa 2019"]
[Site "?"]
[Date "2019.01.26"]
[Round "1.10"]
[White "Dominguez Bujeda, Jesus"]
[Black "Ramo Frontinan, Cristobal"]
[Result "1/2-1/2"]
[WhiteElo "2062"]
[BlackElo "2328"]
[PlyCount "77"]
[EventDate "2019.??.??"]
[EventType "team-tourn"]
[EventCountry "ESP"]
[WhiteTeam "Teruel"]
[BlackTeam "El Olivar"]

1. d4 Nf6 2. c4 e6 3. Nc3 Bb4 4. Qc2 b6 5. e4 c5 6. d5 Qe7 7. Be2 d6 8. Nf3 O-O
9. O-O Bxc3 10. bxc3 exd5 11. exd5 Bg4 12. Be3 Nbd7 13. Rfe1 Rfe8 14. Bd2 Qf8
15. h3 Bh5 16. g4 Bg6 17. Bd3 Rxe1+ 18. Rxe1 Bxd3 19. Qxd3 Re8 20. Re2 Rxe2 21.
Qxe2 Qe8 22. Qxe8+ Nxe8 23. Bf4 Kf8 24. Nd2 Ke7 25. Kg2 h6 26. Kf3 Ndf6 27. Ke3
Kd7 28. f3 b5 29. Kd3 Nc7 30. Ne4 Nxe4 31. fxe4 f6 32. cxb5 Nxb5 33. Kc4 a6 34.
Be3 Na7 35. Kb3 Nc8 36. c4 Kc7 37. Bf4 Nb6 38. Bd2 Nd7 39. Bf4 1/2-1/2

[Event "División de Honor Aragonesa 2019"]
[Site "?"]
[Date "2019.01.26"]
[Round "1.11"]
[White "Villuendas Valero, Adrian"]
[Black "Arpa Pardos, Emilio"]
[Result "1-0"]
[WhiteElo "2249"]
[BlackElo "1900"]
[PlyCount "49"]
[EventDate "2019.??.??"]
[EventType "team-tourn"]
[EventCountry "ESP"]
[WhiteTeam "El Olivar"]
[BlackTeam "Teruel"]

1. d4 e6 2. Nf3 c5 3. g3 b6 4. Bg2 Bb7 5. O-O Nf6 6. c4 cxd4 7. Qxd4 d6 8. Nc3
a6 9. Rd1 Qc7 10. b3 Nbd7 11. Bb2 Be7 12. Rac1 Rc8 13. Bh3 Bxf3 14. exf3 Ne5
15. Bg2 Nc6 16. Qe3 d5 17. cxd5 exd5 18. Nxd5 Nxd5 19. Rxd5 O-O 20. Bh3 f5 21.
Qe6+ Kh8 22. Rd7 Qxd7 23. Qxd7 Rfd8 24. Rxc6 Rxc6 25. Qxc6 1-0

[Event "División de Honor Aragonesa 2019"]
[Site "?"]
[Date "2019.01.26"]
[Round "1.12"]
[White "Barcena Laguia, Francisco"]
[Black "Melendez Fierro, Juan Bautista"]
[Result "0-1"]
[WhiteElo "1804"]
[BlackElo "2108"]
[PlyCount "92"]
[EventDate "2019.??.??"]
[EventType "team-tourn"]
[EventCountry "ESP"]
[WhiteTeam "Teruel"]
[BlackTeam "El Olivar"]

1. d4 Nf6 2. Nc3 d5 3. Bf4 c6 4. e3 Bf5 5. Nf3 Nbd7 6. Bd3 e6 7. O-O Be7 8. Re1
O-O 9. h3 Bxd3 10. cxd3 c5 11. Bh2 a6 12. e4 cxd4 13. Nxd4 Qb6 14. Nb3 dxe4 15.
dxe4 Rfd8 16. Qf3 Bb4 17. Rac1 Rac8 18. Red1 Bxc3 19. Rxc3 Rxc3 20. bxc3 Nf8
21. Rxd8 Qxd8 22. Be5 Ng6 23. Bxf6 gxf6 24. Nd4 Kf8 25. Qh5 Qc7 26. Ne2 Qc4 27.
Qh6+ Ke7 28. Qd2 Qxe4 29. Ng3 Qc4 30. Qe3 Ne5 31. Ne4 Nd7 32. Ng3 Qc5 33. Qf3
Qd5 34. Qe2 b5 35. Nf1 Qe5 36. Ne3 f5 37. f4 Qe4 38. g4 fxg4 39. hxg4 Nb6 40.
f5 Nc4 41. f6+ Ke8 42. Kf2 Qxe3+ 43. Qxe3 Nxe3 44. Kxe3 Kd7 45. g5 Kd6 46. Ke4
e5 0-1

[Event "División de Honor Aragonesa 2019"]
[Site "?"]
[Date "2019.01.26"]
[Round "1.13"]
[White "Lana Rodriguez, David"]
[Black "Abril Avellanas, Eduardo"]
[Result "0-1"]
[WhiteElo "2334"]
[BlackElo "2160"]
[PlyCount "62"]
[EventDate "2019.??.??"]
[EventType "team-tourn"]
[EventCountry "ESP"]
[WhiteTeam "Agrupacion"]
[BlackTeam "Atletismo Huesca"]

1. e4 e6 2. d4 d5 3. Nc3 Nf6 4. Bg5 dxe4 5. Nxe4 Be7 6. Bxf6 gxf6 7. Nf3 f5 8.
Nc3 a6 9. d5 c6 10. dxe6 Qxd1+ 11. Rxd1 fxe6 12. Bc4 b5 13. Be2 Bf6 14. Nd4 Ra7
15. f4 c5 16. Nb3 Rc7 17. O-O Ke7 18. Rfe1 Bb7 19. Bf1 Nd7 20. Nd5+ Bxd5 21.
Rxd5 Bxb2 22. Rxf5 c4 23. Nd2 Bd4+ 24. Kh1 Bc3 25. Rd5 Nf6 26. Rg5 Bxd2 27.
Rg7+ Kd6 28. Rxc7 Bxe1 29. Ra7 Rc8 30. Rxa6+ Rc6 31. Ra7 Nd5 0-1

[Event "División de Honor Aragonesa 2019"]
[Site "?"]
[Date "2019.01.26"]
[Round "1.14"]
[White "Luis Vitalla, Fernando"]
[Black "Lacruz Algarate, Alvaro"]
[Result "0-1"]
[WhiteElo "2113"]
[BlackElo "2144"]
[PlyCount "86"]
[EventDate "2019.??.??"]
[EventType "team-tourn"]
[EventCountry "ESP"]
[WhiteTeam "Atletismo Huesca"]
[BlackTeam "Agrupacion"]

1. g3 Nf6 2. Bg2 e6 3. Nf3 b6 4. d3 Bb7 5. O-O Be7 6. c4 O-O 7. b3 c5 8. Bb2 d6
9. Nbd2 Nc6 10. a3 Qc7 11. Qc2 Nd7 12. d4 cxd4 13. Nxd4 Nxd4 14. Bxd4 Bxg2 15.
Kxg2 d5 16. Qb2 e5 17. Bc3 d4 18. Bb4 Nf6 19. Nf3 Rfd8 20. Rfd1 Rac8 21. Rac1
Ne4 22. Bxe7 Qxe7 23. Nd2 Qb7 24. Nxe4 Qxe4+ 25. Kg1 h5 26. Qc2 Qg4 27. f3 Qg5
28. Qe4 Rd6 29. e3 Rcd8 30. c5 bxc5 31. Rxc5 Qxe3+ 32. Qxe3 dxe3 33. Rxd6 Rxd6
34. Rxe5 Rd3 35. Kf1 Rxb3 36. Ra5 Rb2 37. Rxh5 f6 38. h4 Rf2+ 39. Ke1 Rxf3 40.
g4 Rf4 41. g5 Rf5 42. Ke2 Ra5 43. a4 Re5 0-1

[Event "División de Honor Aragonesa 2019"]
[Site "?"]
[Date "2019.01.26"]
[Round "1.15"]
[White "Moreno Martin-Viveros, Alvaro"]
[Black "Gella Lopez, Angel"]
[Result "1-0"]
[WhiteElo "2082"]
[BlackElo "2100"]
[PlyCount "127"]
[EventDate "2019.??.??"]
[EventType "team-tourn"]
[EventCountry "ESP"]
[WhiteTeam "Agrupacion"]
[BlackTeam "Atletismo Huesca"]

1. e4 c5 2. Nf3 e6 3. b3 Nc6 4. Bb2 d6 5. Bb5 Bd7 6. O-O Nf6 7. Re1 Be7 8. d3
O-O 9. Nbd2 a6 10. Bxc6 Bxc6 11. e5 dxe5 12. Nxe5 Qc7 13. Nxc6 Qxc6 14. c4 Rad8
15. Re3 Rd7 16. Rg3 Rfd8 17. Qe2 Kh8 18. Nf3 Bd6 19. Rh3 Bf4 20. Be5 Bxe5 21.
Nxe5 Qd6 22. Nxd7 Rxd7 23. Re1 h6 24. Qe5 Qb6 25. Qf4 Qa5 26. Re2 Qc3 27. g4
Rxd3 28. Rxd3 Qxd3 29. Rd2 Qh3 30. f3 Qh4 31. Rd8+ Kh7 32. Qd2 e5 33. Qf2 Qg5
34. Rd1 e4 35. h3 exf3 36. Qxf3 g6 37. Rf1 Kg7 38. Qf4 Qh4 39. Kg2 h5 40. g5
Qxf4 41. Rxf4 Nh7 42. h4 Nf8 43. Re4 Ne6 44. Re5 Kf8 45. Kf3 Ke7 46. Rd5 b6 47.
Ke4 a5 48. a3 Nd4 49. b4 axb4 50. axb4 Ne6 51. bxc5 bxc5 52. Ke5 Nd4 53. Rxc5
Nf3+ 54. Kd5 Nxh4 55. Rc7+ Ke8 56. c5 Nf5 57. Ra7 h4 58. Ra8+ Kd7 59. c6+ Kc7
60. Ra7+ Kd8 61. Rxf7 Ne3+ 62. Kd6 Nf5+ 63. Rxf5 gxf5 64. g6 1-0

[Event "División de Honor Aragonesa 2019"]
[Site "?"]
[Date "2019.01.26"]
[Round "1.16"]
[White "Bellosta Lopez, Pablo"]
[Black "Montes Santos, Lorenzo"]
[Result "0-1"]
[WhiteElo "2051"]
[BlackElo "2052"]
[PlyCount "60"]
[EventDate "2019.??.??"]
[EventType "team-tourn"]
[EventCountry "ESP"]
[WhiteTeam "Atletismo Huesca"]
[BlackTeam "Agrupacion"]

1. e4 c5 2. Nf3 g6 3. d4 Bg7 4. c3 cxd4 5. cxd4 d5 6. e5 Nc6 7. Nc3 Bg4 8. Be2
e6 9. O-O Nge7 10. a3 O-O 11. b4 Nf5 12. Be3 Rc8 13. Rc1 Nxe3 14. fxe3 Bh6 15.
Qd2 a6 16. h3 Bxf3 17. Rxf3 b5 18. Nd1 Nxd4 19. Rf2 Nxe2+ 20. Rxe2 Qg5 21. Nf2
Bg7 22. Nd3 Bxe5 23. Nc5 Rfd8 24. Nxa6 Rxc1+ 25. Qxc1 d4 26. Qd2 dxe3 27. Qe1
Bg3 28. Qc1 Bf2+ 29. Kh1 Qd5 30. Rxe3 Qd1+ 0-1

[Event "División de Honor Aragonesa 2019"]
[Site "?"]
[Date "2019.01.26"]
[Round "1.17"]
[White "Garza Marco, Sergio"]
[Black "Romero Pallares, Daniel"]
[Result "1-0"]
[WhiteElo "2407"]
[BlackElo "2190"]
[PlyCount "131"]
[EventDate "2019.??.??"]
[EventType "team-tourn"]
[EventCountry "ESP"]
[WhiteTeam "Helios"]
[BlackTeam "Palacio de Pioneros A"]

1. d4 Nf6 2. Nf3 d5 3. c4 c6 4. Qb3 dxc4 5. Qxc4 Bf5 6. g3 e6 7. Bg2 Nbd7 8.
O-O Be7 9. e3 O-O 10. Rd1 Qc7 11. Nc3 Rac8 12. Qe2 Bg6 13. e4 Rfe8 14. Bf4 Qa5
15. a3 b5 16. h3 Qb6 17. Nh4 a6 18. Be3 Qb8 19. Bf4 Qa7 20. Nxg6 hxg6 21. Be3
Qb8 22. Rac1 Nb6 23. Bg5 Bf8 24. h4 Nfd7 25. Bh3 Qb7 26. Bg2 Qa7 27. h5 gxh5
28. Qxh5 Nc4 29. Rc2 g6 30. Qh4 Bg7 31. e5 c5 32. Ne4 cxd4 33. Nf6+ Nxf6 34.
exf6 Bf8 35. Bh6 Nd6 36. Bxf8 Rxf8 37. Rxc8 Rxc8 38. g4 Qc5 39. Qh6 Ne8 40. g5
Qf8 41. Qxf8+ Kxf8 42. Rxd4 Rc5 43. f4 e5 44. fxe5 Rxe5 45. Rh4 Kg8 46. Re4
Rxe4 47. Bxe4 Nd6 48. Bd3 Kf8 49. Kf2 Ke8 50. Ke3 Kd7 51. Kd4 Ke6 52. Kc5 Ke5
53. b3 Nf5 54. b4 Nd4 55. Kb6 Kf4 56. Kxa6 Kxg5 57. Bxb5 Nc2 58. a4 Nxb4+ 59.
Kb6 Kxf6 60. Kc5 Na2 61. a5 Nc3 62. a6 Ne4+ 63. Kc6 g5 64. a7 g4 65. a8=Q g3
66. Bd3 1-0

[Event "División de Honor Aragonesa 2019"]
[Site "?"]
[Date "2019.01.26"]
[Round "1.19"]
[White "Cerrajeria Ruiz, Jesus Maria"]
[Black "Baquedano Coarasa, Pablo"]
[Result "1/2-1/2"]
[WhiteElo "2137"]
[BlackElo "2169"]
[PlyCount "96"]
[EventDate "2019.??.??"]
[EventType "team-tourn"]
[EventCountry "ESP"]
[WhiteTeam "Helios"]
[BlackTeam "Palacio de Pioneros A"]

1. Nf3 Nf6 2. c4 g6 3. g3 Bg7 4. Bg2 O-O 5. O-O d6 6. d3 Nc6 7. Nc3 e5 8. Bd2
h6 9. Ne1 Be6 10. b4 d5 11. b5 Ne7 12. Nf3 Qd6 13. c5 Qxc5 14. d4 exd4 15. Na4
Qxb5 16. Nxd4 Qd7 17. Nc5 Qc8 18. Ndxe6 fxe6 19. Bh3 Nf5 20. g4 b6 21. gxf5
bxc5 22. fxe6 g5 23. Bc3 g4 24. Bg2 c6 25. Rc1 Qxe6 26. Bxf6 Qxf6 27. Rxc5 Kh8
28. Qa4 Rac8 29. Qxg4 Rg8 30. Bxd5 cxd5 31. Rxc8 Bf8 32. Qg3 Kh7 33. Kg2 Qe7
34. Rfc1 Qe4+ 35. Kg1 Rxg3+ 36. hxg3 Bd6 37. e3 h5 38. R1c6 Be5 39. Re8 Qf5 40.
Re7+ Kg8 41. Rxa7 h4 42. Ra8+ Kf7 43. Ra7+ Ke8 44. gxh4 Qg4+ 45. Kf1 Qd1+ 46.
Kg2 Qg4+ 47. Kf1 Qd1+ 48. Kg2 Qg4+ 1/2-1/2

[Event "División de Honor Aragonesa 2019"]
[Site "?"]
[Date "2019.01.26"]
[Round "1.20"]
[White "Dan, Teodor"]
[Black "Aparicio Navarro, Pedro"]
[Result "1-0"]
[WhiteElo "2064"]
[BlackElo "2119"]
[PlyCount "115"]
[EventDate "2019.??.??"]
[EventType "team-tourn"]
[EventCountry "ESP"]
[WhiteTeam "Palacio de Pioneros A"]
[BlackTeam "Helios"]

1. d4 Nf6 2. c4 c5 3. d5 b5 4. cxb5 a6 5. bxa6 Bxa6 6. Nc3 d6 7. g3 g6 8. Bg2
Bg7 9. Nf3 O-O 10. O-O Nbd7 11. Rb1 Qa5 12. Bd2 Rfb8 13. h3 Ne8 14. Qc2 Nc7 15.
a4 Qb6 16. b3 Bxc3 17. Bxc3 Nxd5 18. Ba1 Bb7 19. e4 N5f6 20. Rfe1 e5 21. Nd2
Qc6 22. Bc3 Ba6 23. Ba5 Rc8 24. Bc3 Ne8 25. Red1 Nc7 26. Bf3 Ne6 27. Rdc1 Ra7
28. Bg4 Nd4 29. Bxd4 exd4 30. b4 Bb7 31. b5 Qc7 32. Nc4 Nb6 33. Nxb6 Qxb6 34.
Bxc8 Bxc8 35. Kg2 Bb7 36. f3 Qd8 37. Qb3 Qg5 38. Rc2 h5 39. h4 Qf6 40. b6 Ra6
41. Qb5 d3 42. Qxd3 Rxa4 43. Rd2 Rd4 44. Qc3 g5 45. Rxd4 cxd4 46. Qc7 g4 47.
Rf1 gxf3+ 48. Kh2 d3 49. Rf2 d2 50. Qc2 Bxe4 51. Qxd2 Qe7 52. Qg5+ Kf8 53.
Qxe7+ Kxe7 54. Rb2 Bb7 55. Kg1 d5 56. Rc2 Kd6 57. Rc7 Bc6 58. Rxf7 1-0

[Event "División de Honor Aragonesa 2019"]
[Site "?"]
[Date "2019.01.26"]
[Round "1.21"]
[White "Pellicer Cerezuela, Miguel"]
[Black "Gavin Roche, Enrique"]
[Result "0-1"]
[WhiteElo "2005"]
[BlackElo "2220"]
[PlyCount "86"]
[EventDate "2019.??.??"]
[EventType "team-tourn"]
[EventCountry "ESP"]
[WhiteTeam "L'Aurora Estadilla"]
[BlackTeam "ONCE C.A. Aragon"]

1. c4 e6 2. Nc3 d5 3. d4 c5 4. e3 Nf6 5. Nf3 a6 6. a4 Nc6 7. Be2 dxc4 8. Bxc4
cxd4 9. exd4 Be7 10. O-O Nb4 11. Bg5 O-O 12. Qe2 h6 13. Bh4 Re8 14. Rfd1 Nh5
15. Bxe7 Rxe7 16. Ne5 Nf4 17. Qd2 Nfd5 18. Nxd5 Nxd5 19. Ra3 Nf6 20. Rg3 Ne4
21. Qf4 Nxg3 22. Qxg3 Qe8 23. Ng4 Kh8 24. Qh4 Qf8 25. Ne5 b5 26. axb5 axb5 27.
Bxb5 Bb7 28. Qf4 Bd5 29. Bd3 Kg8 30. b4 Rea7 31. h3 Ra1 32. Rxa1 Rxa1+ 33. Kh2
Ra7 34. b5 Qd6 35. Qg3 f6 36. Qg6 Kf8 37. b6 Re7 38. Qh7 fxe5 39. Bg6 exd4+ 40.
g3 Rf7 41. Bxf7 Kxf7 42. Qb1 Bb7 43. h4 Qd5 0-1

[Event "División de Honor Aragonesa 2019"]
[Site "?"]
[Date "2019.01.26"]
[Round "1.23"]
[White "Pellicer Cemeli, Jose Luis"]
[Black "Cobo Garrido, Diego Israel"]
[Result "0-1"]
[WhiteElo "1941"]
[BlackElo "2084"]
[PlyCount "86"]
[EventDate "2019.??.??"]
[EventType "team-tourn"]
[EventCountry "ESP"]
[WhiteTeam "L'Aurora Estadilla"]
[BlackTeam "ONCE C.A. Aragon"]

1. e4 c5 2. Nf3 e6 3. d4 cxd4 4. Nxd4 Nc6 5. Be2 Qc7 6. c3 Nf6 7. Bf3 Ne5 8.
O-O Nxf3+ 9. Qxf3 a6 10. Bg5 Qe5 11. Bxf6 Qxf6 12. Nd2 Qxf3 13. N2xf3 b5 14.
Rad1 Bb7 15. Rfe1 Be7 16. Ne5 g5 17. Rd3 Rc8 18. Ndf3 d6 19. Ng4 h5 20. Ne3
Bxe4 21. Rd4 Bxf3 22. gxf3 d5 23. Rd3 Rh6 24. Nc2 Rf6 25. Kg2 Rc4 26. Rd4 Rf4
27. Re2 Kd7 28. Rxc4 Rxc4 29. a3 Bc5 30. Nb4 Bxb4 31. axb4 Kd6 32. Re1 d4 33.
Ra1 dxc3 34. bxc3 Rc6 35. h4 gxh4 36. Kh3 Ke5 37. Re1+ Kf4 38. Re3 Kg5 39. f4+
Kxf4 40. Kxh4 e5 41. Kh3 e4 42. Rg3 Rg6 43. Re3 Rd6 0-1

[Event "División de Honor Aragonesa 2019"]
[Site "?"]
[Date "2019.01.26"]
[Round "1.24"]
[White "Fuertes Garay, Javier"]
[Black "Puertolas Serena, Arturo"]
[Result "1-0"]
[WhiteElo "2005"]
[BlackElo "1825"]
[PlyCount "93"]
[EventDate "2019.??.??"]
[EventType "team-tourn"]
[EventCountry "ESP"]
[WhiteTeam "ONCE C.A. Aragon"]
[BlackTeam "L'Aurora Estadilla"]

1. e4 e6 2. d4 d5 3. Nd2 Nf6 4. Bd3 c5 5. e5 Nfd7 6. c3 Nc6 7. Ne2 cxd4 8. cxd4
Qb6 9. Nf3 f6 10. exf6 Nxf6 11. O-O Bd6 12. b3 e5 13. dxe5 Nxe5 14. Nxe5 Bxe5
15. Rb1 O-O 16. Bf4 Qd6 17. Bxe5 Qxe5 18. Ng3 Qg5 19. f3 h5 20. Qc1 Qe5 21. Re1
Qd4+ 22. Qe3 Qxe3+ 23. Rxe3 Bd7 24. Bg6 Be8 25. Bf5 g6 26. Bh3 Bd7 27. Bxd7
Nxd7 28. Ne2 Rac8 29. Nd4 Rfe8 30. Rxe8+ Rxe8 31. Rd1 Nf6 32. Kf2 Rc8 33. Rd2
a6 34. Ne6 Kf7 35. Nf4 g5 36. Ne2 g4 37. Nf4 gxf3 38. gxf3 Rc5 39. Ke2 b5 40.
Nd3 Rc7 41. Nb4 Re7+ 42. Kd3 a5 43. Nc6 Rc7 44. Nxa5 b4 45. Rc2 Rd7 46. Nc6 h4
47. Ne5+ 1-0

[Event "División de Honor Aragonesa 2019"]
[Site "?"]
[Date "2019.01.26"]
[Round "1.25"]
[White "Cifuentes Parada, Roberto"]
[Black "Sacristan Latorre, Alberto"]
[Result "1-0"]
[WhiteElo "2445"]
[BlackElo "2080"]
[PlyCount "103"]
[EventDate "2019.??.??"]
[EventType "team-tourn"]
[EventCountry "ESP"]
[WhiteTeam "Jaque"]
[BlackTeam "Palacio de Pioneros B"]

1. d4 Nf6 2. c4 g6 3. Nc3 Bg7 4. e4 d6 5. f4 O-O 6. Nf3 c5 7. dxc5 Qa5 8. Bd3
Qxc5 9. Qe2 Bg4 10. Be3 Bxf3 11. Qxf3 Qb4 12. O-O Nc6 13. Qe2 Nd7 14. Rab1 Qa5
15. Bd2 Qb6+ 16. Kh1 a5 17. Nd5 Qd8 18. Bc3 Nc5 19. Rbd1 Re8 20. e5 e6 21. Nf6+
Bxf6 22. exf6 Na4 23. Qc2 Nxc3 24. Qxc3 d5 25. f5 d4 26. Qd2 exf5 27. Bxf5 Re5
28. Bd7 Ra6 29. Qh6 Qf8 30. Qf4 Rc5 31. Rfe1 Ra8 32. Bxc6 bxc6 33. Qxd4 Rf5 34.
Re7 h5 35. Kg1 g5 36. Re5 Rd8 37. Qxd8 Rxe5 38. Qb6 Qc5+ 39. Qxc5 Rxc5 40. b3
Kh7 41. Kf2 Kg6 42. Rd6 Rf5+ 43. Ke3 Rxf6 44. Rxf6+ Kxf6 45. Kd4 Ke6 46. Kc5
Kd7 47. Kb6 f5 48. Kxa5 c5 49. Kb6 Kd6 50. b4 cxb4 51. c5+ Ke5 52. c6 1-0